00000000nam##2200000za#4500
0019.619195
003CaOODSP
00520210615103324
007ta
008150406|2008||||xxc|||||     f|0| 0 eng|d
022 |a0706-6473
040 |aCaOODSP|beng
043 |an-cn---
0861 |aFs97-4/2805E
1101 |aCanada. |bDepartment of Fisheries and Oceans.
24510|aHecate Strait groundfish bottom trawl survey, May 25th to June 29th, 2005 / |cby G.D. Workman, K.L. Rutherford, and N. Olsen.
260 |aNanaimo - British Columbia : |bFisheries and Oceans Canada |c2008.
300 |avi, 53p. : |bgraphs, maps, references, tables, photographs ; |c28 cm.
4901 |aCanadian manuscript report of fisheries and aquatic sciences|x0706-6473|v2805
500 |a"Fisheries and Oceans Canada Science Branch, Pacific Region Pacific Biological Station Nanaimo, British Columbia V9T 6N7".
546 |a(Résumé en français.)
563 |aSoftcover
590 |a09-05|b2009-01-30
7201 |aRutherford, K. L.
7201 |aWorkman, G. D.
7201 |aOlsen, N.
7760#|tHecate Strait groundfish bottom trawl survey, May 25th to June 29th, 2005 / |w(CaOODSP)9.580095
830#0|aCanadian manuscript report of fisheries and aquatic sciences,|x0706-6473|v2805|w(CaOODSP)9.514688